BURNER Characters Quiz - Statistics

General Stats
  • This quiz has been taken 132 times
  • The average score is 11 of 13
Answer Stats
Season Role Character % Correct
Season 1 Contestant Limey
97%
Season 1 Host Daddy Long Legs
96%
Season 1 Contestant Kit
95%
Season 1 Contestant Spraypaint
94%
Season 1 Contestant Peanut
91%
Season 1 Contestant Pilly
90%
Season 1 Contestant Hanger
89%
Season 1 Contestant Record
89%
Season 1 Contestant Tissues
89%
Season 1 Contestant Rosey
86%
Season 1 Contestant Playdoh
81%
Season 1 Contestant Polaroid
76%
Season 1 Contestant Erasey
72%
No matching quizzes found
Score Distribution
Percent of People with Each Score
Percentile by Number Answered
Your Score History
You have not taken this quiz